Logistika je dôležitým činiteľom konkurencieschopnosti podniku

Význam logistiky pre konkurencieschopnosť podniku. Cena ako najdôležitejší rozhodovací faktor pri nákupe tovaru, výrobkov alebo služieb. Ostatné faktory (kvalita, poradenstvo, servis...) sa skúmajú až následne a vo vzťahu k cene. Logistika ako rozhodujúci činiteľ každej hospodárskej činnosti. Využit...

Description complète

Enregistré dans:
Détails bibliographiques
Auteur principal: Homolík, Peter
Format: Chapitre de livre
Langue:slovaque
Sujets:
Tags: Ajouter un tag
Pas de tags, Soyez le premier à ajouter un tag!

MARC

LEADER 00000naa a2200000 4500
001 r034751
005 20230921103210.7
041 0 |a slo 
044 |a SK 
245 1 0 |a Logistika je dôležitým činiteľom konkurencieschopnosti podniku  |c Peter Homolík 
520 |a Význam logistiky pre konkurencieschopnosť podniku. Cena ako najdôležitejší rozhodovací faktor pri nákupe tovaru, výrobkov alebo služieb. Ostatné faktory (kvalita, poradenstvo, servis...) sa skúmajú až následne a vo vzťahu k cene. Logistika ako rozhodujúci činiteľ každej hospodárskej činnosti. Využitie logistiky vo veľkých, malých a stredných podnikoch. 
610 2 0 |a logistika 
610 2 0 |a podnik 
610 2 0 |a konkurencieschopnosť 
610 2 0 |a ceny 
610 2 0 |a podnik malý 
610 2 0 |a podnik stredný 
610 2 0 |a podnik veľký 
100 1 |a Homolík, Peter